| 000 | 01600cam a22002054a 4500 | ||
|---|---|---|---|
| 005 | 20250605164111.0 | ||
| 008 | 250528s ||||||||||||||||||||||||d | ||
| 035 | _a17908 | ||
| 040 |
_aGR-AtMCL _bgre _dGR-AtMCL _eAACR2 |
||
| 245 | 1 | _aΜάρκετινγκ Μάνατζμεντ / Ανάλυση, Σχεδιασμός, Υλοποίηση και Έλεγχος Β' Τόμος | |
| 250 | _a7η | ||
| 260 |
_bInterbooks, _c1991 |
||
| 300 | _a1232 | ||
| 505 | 0 | _aΠρόλογος, Κατανόηση του Μάρκετινγκ Μάνατζμεντ, Ανάλυση των Ευκαιριών Μάρκετινγκ, Έρευνα και Επιλογή Αγορών - Στόχων, Κατάστρωση Στρατηγικών Μάρκετινγκ, Σχεδιασμός Προγραμμάτων Μάρκετινγκ, Οργάνωση και Υλοποίηση και Έλεγχος της Προσπάθειας Μάρκετινγκ, Λεξιλόγιο Όρων Μάρκετινγκ. | |
| 520 | _aΠρόλογος, Κατανόηση του Μάρκετινγκ Μάνατζμεντ, Ανάλυση των Ευκαιριών Μάρκετινγκ, Έρευνα και Επιλογή Αγορών - Στόχων, Κατάστρωση Στρατηγικών Μάρκετινγκ, Σχεδιασμός Προγραμμάτων Μάρκετινγκ, Οργάνωση και Υλοποίηση και Έλεγχος της Προσπάθειας Μάρκετινγκ, Λεξιλόγιο Όρων Μάρκετινγκ. | ||
| 700 | 1 |
_aKotler Philip _91146 |
|
| 942 | _cBK | ||
| 999 |
_c3307 _d3307 |
||